Charitable foundation (Record no. 75182)
[ view plain ]
| 000 -LEADER | |
|---|---|
| fixed length control field | 01036cab a2200205 4500 |
| 001 - CONTROL NUMBER | |
| control field | L129615 |
| 008 - FIXED-LENGTH DATA ELEMENTS--GENERAL INFORMATION | |
| fixed length control field | 050506n2005 000 0 eng u |
| 035 ## - SYSTEM CONTROL NUMBER | |
| System control number | (Sirsi) u129615 |
| 041 ## - LANGUAGE CODE | |
| Language code of text/sound track or separate title | eng |
| 100 ## - MAIN ENTRY--PERSONAL NAME | |
| Personal name | Shepherd, Mark |
| 245 ## - TITLE STATEMENT | |
| Title | Charitable foundation |
| 260 ## - PUBLICATION, DISTRIBUTION, ETC. | |
| Date of publication, distribution, etc. | 2005 |
| 490 ## - SERIES STATEMENT | |
| Series statement | Property Week |
| Volume/sequential designation | 70(16) 22 April 2005, 68-69 (2) |
| 520 ## - SUMMARY, ETC. | |
| Summary, etc. | Discusses the Charities and Trust Investments (Scotland) Bill which will allow Scottish charities to invest in commercial property. Charities in England and Wales can already invest in commercial property since the introduction of the Trustee Act 2000. Previously charities were restricted by the trust deed, drawn up at the time of the charity's foundation, could only buy leasehold or freehold property and could not sell with out permission from the Charity Commission nor enter into joint ventures. |
| 590 ## - LOCAL NOTE (RLIN) | |
| Local note | IKA190505 |
| 650 ## - SUBJECT ADDED ENTRY--TOPICAL TERM | |
| Topical term or geographic name entry element | TRUSTEE ACT 2000 |
| 650 ## - SUBJECT ADDED ENTRY--TOPICAL TERM | |
| Topical term or geographic name entry element | CHARITIES AND TRUST INVESTMENTS (SCOTLAND) BILL |
| 690 ## - LOCAL SUBJECT ADDED ENTRY--TOPICAL TERM (OCLC, RLIN) | |
| Topical term or geographic name as entry element | PROPERTY INVESTMENT MARKET |
| 942 ## - ADDED ENTRY ELEMENTS (KOHA) | |
| Suppress in OPAC | 0 |
| Withdrawn status | Lost status | Source of classification or shelving scheme | Damaged status | Not for loan | Home library | Current library | Shelving location | Date acquired | Total Checkouts | Full call number | Barcode | Date last seen | Copy number | Price effective from | Koha item type |
|---|---|---|---|---|---|---|---|---|---|---|---|---|---|---|---|
| Dewey Decimal Classification | London | London | Journal article | 06/05/2005 | L129615 | 129615-1001 | 06/08/2019 | 1 | 06/08/2019 | Journal article |